书目信息 |
| 题名: |
现代实验仪器原理与应用
|
|
| 作者: | 文公皊 编著 | |
| 分册: | ||
| 出版信息: | 北京 科学出版社 1998 .12 |
|
| 页数: | 193页 | |
| 开本: | 16开 | |
| 丛书名: | 中国科学院实验技术人员岗位培训系列教材 | |
| 单 册: | ||
| 中图分类: | TH73 | |
| 科图分类: | ||
| 主题词: | 物理学--仪器 | |
| 电子资源: | ||
| ISBN: | 7-03-004781-8 | |
| 000 | 00714nam0 2200217 45 | |
| 001 | 0009150925 | |
| 005 | 20040520170159.0 | |
| 010 | @a7-03-004781-8@dCNY18.00 | |
| 100 | @a20000915d1998 km y0chiy0120 ea | |
| 101 | 0 | @achi |
| 105 | @a z 000yy | |
| 200 | 1 | @a现代实验仪器原理与应用@AXian Dai Shi Yan Yi Qi Yuan Li Yu Ying Yong@f刘文清,文公皊编著@FLiu Wen Qing,Wen Gong皊Bian Zhu |
| 210 | @a北京@c科学出版社@d1998 .12 | |
| 215 | @a193页@d16开 | |
| 225 | @a中国科学院实验技术人员岗位培训系列教材 | |
| 410 | @12001 @a中国科学院实验技术人员岗位培训系列教材 | |
| 606 | 0 | @a物理学@x仪器 |
| 690 | @aTH73@v1 | |
| 701 | 0 | @a文公皊@4编著 |
| 801 | @aCN@bTSTC@c20000915 | |
| 905 | @dTH73@e25@f3@b290108-110@b290111@f1 | |
| 现代实验仪器原理与应用/刘文清,文公皊编著.-北京:科学出版社,1998 .12 |
| 193页;16开.-(中国科学院实验技术人员岗位培训系列教材) |
| ISBN 7-03-004781-8:CNY18.00 |
| ● |
| 相关链接 |
|
|
|
|
正题名:现代实验仪器原理与应用
索取号:TH73/25
 
预约/预借
| 序号 | 登录号 | 条形码 | 馆藏地/架位号 | 状态 | 备注 |
| 1 | 0290108 | 002901088 | 第三借阅区/ [索取号:TH73/25] | 在馆 | |
| 2 | 0290109 | 002901097 | 第三借阅区/ [索取号:TH73/25] | 在馆 | |
| 3 | 0290110 | 002901104 | 第三借阅区/ [索取号:TH73/25] | 在馆 | |
| 4 | 0290111 | 002901113 | 第三借阅区/ [索取号:TH73/25] | 在馆 | |
| 5 | 0290112 | 002901122 | 第二样本阅览室/ [索取号:TH73/25] | 在馆 |